00972 2200349 4500001002100000005001500021035002000036007000300056040001700059100003400076245007200110250001000182300002900192504002500221020002200246041000800268082001000276084001600286090002500302264003400327336002100361337003000382338002300412650001300435700003100448850001000479008004100489990002300530990002300553990002300576990002300599INLIS00000000000933420260422085419 a0010-1122000293ta aSBPUPADbind0 aDenik Ristya Rini;ePengarang1 aBantal Rajut Tabrak Ivarna /cDenik Ristya Rini; Editor; Berliyandy aCet.1 a64 hlm. :bilus. ;c21cm abibiliografi, hlm 64 a978-602-1656-77-80 aind a746.4 a746.4 DEN b a746.4 DEN b L 22 R 9 aSurabaya :bTiara Aksa,c2016 2rdacontentateks 2rdamediaatanpa perantara 2rdacarrieravolume 4akesenian aBerliyandy T.R;ePengarang aPUPAD260422 0  a30.892/DPK.APBD/19 a30.891/DPK.APBD/19 a30.894/DPK.APBD/19 a30.893/DPK.APBD/19